Landschaftsmalerei in Sachsen in der zweiten Hälfte des 18. Jahrhunderts : Landschaftsmaler, -zeichner und -radierer in Dresden, Leipzig, Meißen und Görlitz von 1720 bis 1800
Saved in:
| Main Author: | |
|---|---|
| Document Type: | Thesis Book |
| Language: | German |
| Published: |
Weimar
: VDG
, 2002
|
| Subjects: | |
| Online Access: | Rezension Rezension Rezension Inhaltsverzeichnis |
| Related Items: | Erscheint auch als:
Landschaftsmalerei in Sachsen in der zweiten Hälfte des 18. Jahrhunderts Rezensiert in: [Rezension von: Anke Fröhlich, Landschaftsmalerei in Sachsen in der zweiten Hälfte des 18. Jahrhunderts] |
| Author Notes: | Anke Fröhlich |
| LEADER | 05918cam a2200997 c 4500 | ||
|---|---|---|---|
| 001 | 348869282 | ||
| 003 | DE-627 | ||
| 005 | 20260421121739.0 | ||
| 007 | tu | ||
| 008 | 020606s2002 gw ||||| m 00| ||ger c | ||
| 010 | |a 2002501568 | ||
| 015 | |a 02,N25,0592 |2 dnb | ||
| 015 | |a 02,A42,1132 |2 dnb | ||
| 016 | 7 | |a 964486121 |2 DE-101 | |
| 020 | |a 3897392615 |q Gb. : EUR 63.00 |9 3-89739-261-5 | ||
| 035 | |a (DE-627)348869282 | ||
| 035 | |a (DE-603)105003441 | ||
| 035 | |a (DE-576)099756188 | ||
| 035 | |a (DE-599)DNB964486121 | ||
| 035 | |a (OCoLC)723173297 | ||
| 035 | |a (OCoLC)1078713320 | ||
| 035 | |a (OCoLC)53183733 | ||
| 035 | |a (OCoLC)216791162 | ||
| 040 | |a DE-627 |b ger |c DE-627 |e rakwb | ||
| 041 | |a ger | ||
| 044 | |c XA-DE |c XA-DE-SN | ||
| 050 | 0 | |a ND1357.4 | |
| 082 | 0 | |a 758/.1/09432109033 |q LOC |2 22 | |
| 082 | 0 | |a 758.109432109033 | |
| 082 | 0 | |a 758.1094321 |2 DDC21oclc | |
| 084 | |a 46 |2 sdnb | ||
| 084 | |a 9,10 |2 ssgn | ||
| 084 | |a LK 83460 |q BVB |2 rvk |0 (DE-625)rvk/98501: | ||
| 084 | |a LK 84085 |q BVB |2 rvk |0 (DE-625)rvk/98518:7 | ||
| 084 | |a LK 83360 |q BVB |2 rvk |0 (DE-625)rvk/98490: | ||
| 084 | |a LK 10785 |2 rvk |0 (DE-625)rvk/97526:7 | ||
| 084 | |a LK 84385 |2 rvk |0 (DE-625)rvk/98529:7 | ||
| 084 | |a 21.02 |2 bkl | ||
| 084 | |a 20.22 |2 bkl | ||
| 100 | 1 | |a Fröhlich-Schauseil, Anke |d 1968- |0 (DE-588)133367002 |0 (DE-627)543664546 |0 (DE-576)177206594 |4 aut | |
| 245 | 1 | 0 | |a Landschaftsmalerei in Sachsen in der zweiten Hälfte des 18. Jahrhunderts |b Landschaftsmaler, -zeichner und -radierer in Dresden, Leipzig, Meißen und Görlitz von 1720 bis 1800 |c Anke Fröhlich |
| 246 | 3 | 3 | |a Landschaftskunst in Sachsen um 1800 |
| 263 | |a Gb. : EUR 63.00 | ||
| 264 | 1 | |a Weimar |b VDG |c 2002 | |
| 300 | |a 459 S. |b Ill. | ||
| 336 | |a Text |b txt |2 rdacontent | ||
| 337 | |a ohne Hilfsmittel zu benutzen |b n |2 rdamedia | ||
| 338 | |a Band |b nc |2 rdacarrier | ||
| 502 | |a Zugl.: Dresden, Techn. Univ., Diss., 2000 u.d.T.: Fröhlich, Anke: Landschaftskunst in Sachsen um 1800 | ||
| 583 | 1 | |a Archivierung/Langzeitarchivierung gewährleistet |f PESN |x XA-DE-SN |2 pdager |5 DE-14 | |
| 583 | 1 | |a Archivierung/Langzeitarchivierung gewährleistet |f SSG |x XA-DE-BW |2 pdager |5 DE-16 | |
| 583 | 1 | |a Archivierung prüfen |c 20240324 |f DE-4165 |z 2 |2 pdager | |
| 648 | 7 | |a Geschichte 1720-1800 |2 gnd | |
| 650 | 0 | |a Landscape painting, German |z Germany |z Saxony |y 18th century | |
| 650 | 0 | |a Landscape drawing, German |z Germany |z Saxony |y 18th century | |
| 650 | 0 | |a Landscape prints, German |z Germany |z Saxony |y 18th century | |
| 650 | 0 | |a Artists |z Germany |z Saxony |v Biography | |
| 650 | 0 | |a Landscapes in art | |
| 655 | 7 | |a Hochschulschrift |0 (DE-588)4113937-9 |0 (DE-627)105825778 |0 (DE-576)209480580 |2 gnd-content | |
| 689 | 0 | 0 | |d g |0 (DE-588)4051176-5 |0 (DE-627)106178245 |0 (DE-576)209091789 |a Sachsen |2 gnd |
| 689 | 0 | 1 | |d s |0 (DE-588)4114355-3 |0 (DE-627)105822795 |0 (DE-576)20948392X |a Landschaftsmalerei |2 gnd |
| 689 | 0 | 2 | |a z |2 gnd |a Geschichte 1720-1800 |
| 689 | 0 | |5 DE-101 | |
| 751 | |a Dresden |0 (DE-588)4012995-0 |0 (DE-627)106345745 |0 (DE-576)20890140X |4 uvp | ||
| 776 | 0 | 8 | |i Erscheint auch als |n Online-Ausgabe |a Fröhlich-Schauseil, Anke, 1968 - |t Landschaftsmalerei in Sachsen in der zweiten Hälfte des 18. Jahrhunderts |d Weimar : VDG, 2002 |h Online-Ressource (459 S.) |w (DE-627)617006539 |z 9783897392618 |
| 787 | 0 | 8 | |i Rezensiert in |a Weisheit-Possél, Sabine, 1957 - |t [Rezension von: Anke Fröhlich, Landschaftsmalerei in Sachsen in der zweiten Hälfte des 18. Jahrhunderts] |d 2003 |w (DE-627)1920614532 |
| 856 | 4 | 2 | |u https://swbplus.bsz-bw.de/bsz099756188rez.htm |m B:DE-576;DE-16 |q application/pdf |v 20081106100703 |x Verlag |3 Rezension |7 1 |
| 856 | 4 | 2 | |u http://www.sehepunkte.de/2003/03/2392.html |m V:DE-576;X:Sehepunkte |q text/html |v 20180424113611 |3 Rezension |7 1 |
| 856 | 4 | 2 | |u http://scans.hebis.de/HEBCGI/show.pl?10500344_rez.pdf |m V:DE-576;B:DE-16 |q application/pdf |3 Rezension |7 1 |
| 856 | 4 | 2 | |u http://scans.hebis.de/HEBCGI/show.pl?10500344_toc.pdf |m V:DE-605 |q application/pdf |3 Inhaltsverzeichnis |7 1 |
| 935 | |a SAXB | ||
| 935 | |i Blocktest | ||
| 936 | r | v | |a LK 83460 |b Landschaft |k Kunstgeschichte |k Kunst nach Ländern bzw. Kontinenten |k Deutschland |k Deutsche Kunstgeschichte nach Gattungen |k Malerei |k Gegenstände (Darstellungen nichtikonographischen Charakters) |k Landschaft |0 (DE-627)1270644432 |0 (DE-625)rvk/98501: |0 (DE-576)200644432 |
| 936 | r | v | |a LK 84085 |b Barock/Rokoko |k Kunstgeschichte |k Kunst nach Ländern bzw. Kontinenten |k Deutschland |k Deutsche Kunstgeschichte nach Gattungen |k Malerei |k Geschichte der deutschen Malerei nach Ländern und Landschaften |k Landschaften (Stammesgebiete) |k Sachsen insgesamt (Niedersachsen, Sachsen-Anhalt, Sachsen) |k Barock/Rokoko |0 (DE-627)1274806569 |0 (DE-625)rvk/98518:7 |0 (DE-576)204806569 |
| 936 | r | v | |a LK 83360 |b Barock, Rokoko |k Kunstgeschichte |k Kunst nach Ländern bzw. Kontinenten |k Deutschland |k Deutsche Kunstgeschichte nach Gattungen |k Malerei |k Einzelne Epochen |k Neuzeit |k Barock, Rokoko |0 (DE-627)1271169436 |0 (DE-625)rvk/98490: |0 (DE-576)201169436 |
| 936 | r | v | |a LK 10785 |b Barock/Rokoko |k Kunstgeschichte |k Kunst nach Ländern bzw. Kontinenten |k Deutschland |k Deutsche Kunstgeschichte nach Ländern und Landschaften |k Länder (Verwaltungseinheiten) |k Sachsen |k Barock/Rokoko |0 (DE-627)1272107590 |0 (DE-625)rvk/97526:7 |0 (DE-576)202107590 |
| 936 | r | v | |a LK 84385 |b Barock/Rokoko |k Kunstgeschichte |k Kunst nach Ländern bzw. Kontinenten |k Deutschland |k Deutsche Kunstgeschichte nach Gattungen |k Malerei |k Geschichte der deutschen Malerei nach Ländern und Landschaften |k Länder (Verwaltungseinheiten) |k Sachsen |k Barock/Rokoko |0 (DE-627)1272294757 |0 (DE-625)rvk/98529:7 |0 (DE-576)202294757 |
| 936 | b | k | |a 21.02 |j Geschichte der Malerei |0 (DE-627)106406698 |
| 936 | b | k | |a 20.22 |j Natur |x Ikonographie |0 (DE-627)106406345 |
| 936 | s | n | |a l300 |2 mzub |
| 951 | |a BO | ||
| 990 | |a Sachsen | ||
| 990 | |a Landschaftsmalerei | ||
| 990 | |a Geschichte 1720-1800 | ||
| 991 | |a Rezensiertes Werk | ||
| 999 | |a KXP-PPN348869282 |e 4957218447 | ||


